Zeigen slawische Namen mit altsorbisch grod wirklich eine Burg an? Was verbirgt sich hinter den Ortsnamen mit dem altsorbischen Element "grod"?

Titel: Zeigen slawische Namen mit altsorbisch grod wirklich eine Burg an? Was verbirgt sich hinter den Ortsnamen mit dem altsorbischen Element "grod"? / Karlheinz Hengst
Verfasser:
In: Namenkundliche Informationen, Band 112 (2020), Seite 213-218
alle Artikel anzeigen
Veröffentlicht: 2020
Format: Aufsatz
Sprache: Deutsch
Schlagworte:
Kein Bild verfügbar
X
alg: 53020386
001A    $03025:30-05-25 
001B    $03025:30-05-25 $t16:15:04.000 
001D    $03025:30-05-25 
001U    $0utf8 
001X    $00 
002@    $0Oou 
002C    $aText $btxt $2rdacontent 
002D    $aComputermedien $bc $2rdamedia 
002E    $aOnline-Ressource $bcr $2rdacarrier 
003@    $0530203863 
009Q    $uhttps://doi.org/10.58938/ni623 $xVolltext 
010@    $ager 
010E    $erda 
011@    $a2020 
021A    $aZeigen slawische Namen mit altsorbisch grod wirklich eine Burg an? Was verbirgt sich hinter den Ortsnamen mit dem altsorbischen Element "grod"? $hKarlheinz Hengst 
028A    $BVerfasser $#Hengst, Karl-Heinz $#Hengst, K.-H. $#Hengst, K. H. $#Hengst, K.H. $#Hengst, K. $4aut $710580083X $8Hengst, Karlheinz$Z1934- [Tp1] $9140828079 
031A    $d112 $h213-218 $j2020 
039B    $aEnthalten in $8--Obvc--. Namenkundliche Informationen. - Leipzig : Univ.-Verl., 1969-. - Online-Ressource $x202000001120000787 $9301090491 
044K    $RSorbisch $74444541-6 $8Altsorbisch [Ts1] $9088798372 
044K    $RGeografischer Name $#Toponymy $#Toponymie $#Ortsname $#Historischer Ortsname $#Siedlungsname $#Toponym $#Toponymikon $#Ortsnamen $74043950-1 $8Ortsname [Ts1] $9085122882 
045F    $a417.709431510902 $eDDC23BSB 
045F/01 $a417.7 
045F/03 $f0902 
045F/03 $g43151 

lok: 53020386 78

exp: 53020386 78 1 #EPN
201B/01 $030-05-25 $t16:14:41.000 
201C/01 $030-05-25 
201U/01 $0utf8 
203@/01 $01305025032 
208@/01 $a30-05-25 $be 
209A/01 $a/ $f000 $x00 
209A/01 $ab*p $x01 
209A/01 $aEnglische Zusammenfassung, S. 218 $x03 
220C/01 $apgar 
244Z/01 $#Germania Slavica $#"Germania Slavica" $#Germania Slavica $#Germania Slavica $#Germania Slavica $#Germania Slavica $#Germania Slavica $8--Trx--Germania Slavica $x11 $9391371002 
247C/01 $82080>Marburg/Lahn, Herder-Institut, Forschungsbibliothek, Bibliographieportal $9336309341
LEADER 00000naa a2200000 c 4500
001 530203863
003 DE-603
005 20250530161504.0
007 cr||||||||||||
008 250530s2020 xx |||| o| u00||u|ger c
035 |a (DE-599)HEB530203863 
040 |a DE-603  |b ger  |c DE-603  |d DE-603  |e rda 
041 |a ger 
082 0 4 |8 1\u  |a 417.709431510902  |q DE-101  |2 23/BSB 
085 |8 1\u  |b 417.7 
085 |8 1\u  |z 1  |s 0902 
085 |8 1\u  |z 2  |s 43151 
100 1 |a Hengst, Karlheinz  |d 1934-  |e Verfasser  |4 aut  |0 (DE-603)140828079  |0 (DE-588)10580083X  |2 gnd 
245 0 0 |a Zeigen slawische Namen mit altsorbisch grod wirklich eine Burg an? Was verbirgt sich hinter den Ortsnamen mit dem altsorbischen Element "grod"?  |c Karlheinz Hengst 
264 0 |c 2020 
336 |a Text  |b txt  |2 rdacontent 
337 |a Computermedien  |b c  |2 rdamedia 
338 |a Online-Ressource  |b cr  |2 rdacarrier 
650 7 |a Altsorbisch  |0 (DE-588)4444541-6  |0 (DE-603)088798372  |2 gnd 
650 7 |a Ortsname  |0 (DE-588)4043950-1  |0 (DE-603)085122882  |2 gnd 
773 0 8 |i Enthalten in  |t Namenkundliche Informationen  |d Leipzig : Univ.-Verl., 1969-  |h Online-Ressource  |g Band 112 (2020), Seite 213-218  |w (DE-603)301090491  |w (DE-600)2663036-9 
856 |u https://doi.org/10.58938/ni623 
924 1 |9 2080  |a (DE-603)1305025032  |b DE-2080  |c HES  |d d  |g /